000 01120nam a2200253 i 4500
001 166863
003 ES-MaACL
005 20230906213422.0
008 931025s1793 sp |||| | spa d
040 _aCYL
_bspa
_cPAB
100 0 _aValbuena, Manuel de.
_9112457
245 1 0 _aDiccionario universal latino-español /
_ccompuesto por Don Manuel de Valbuena, catedrático de retórica de los Estudios Reales de esta Corte ... ; para el uso de los mismos Estudios.
260 _aMadrid :
_ben la imprenta de Don Benito Cano :
_bse hallará en casa de Don Antonio Baylo ...,
_c1793.
300 _a[2], X, 860 p. ;
_cFol.
530 _aDisponible en formato digital.
594 _aTexto en español y latin.
597 _aSign. : Sign.: [ ]², *4, A-5P4, 5Q².
597 _aAntep.
597 _aTexto a dos col.
650 0 4 _aLengua latina-
_vDiccionarios-
_xEspañol.
_914295
852 _aES-MaACL
_jR-1109
_z-- Enc. piel grab. con hierros
_q-- Falto de las X p.
_x-- Olim: G-1668
856 _uhttp://bdh-rd.bne.es/viewer.vm?id=0000011489&page=1
_zBiblioteca Digital Hispánica
999 _c166863
_d166863